Historia y leyendas del Palacio Condal /
Descripción Física:
Il·lustracions
Colección:
San Jorge,
; núm. 21 (gener 1956), pàg 80-85
Materias:
Ramon Berenguer -- I, -- comte de Barcelona, -- aproximadament 1023-1076
; Ramon Berenguer -- I, -- comte de Barcelona, -- aproximadament 1023-1076 -- Llegendes
; Palau Reial Major (Barcelona, Catalunya)
Idioma:
Español
MARC
| LEADER | 00000naa a2200000 a 4500 | ||
|---|---|---|---|
| 003 | Arxiu | ||
| 005 | 20260324181044.0 | ||
| 008 | 160829s1956 spcaxx s spa c | ||
| 040 | |a AGDB | ||
| 100 | 1 | |a Vilardaga Pujol, José Ma. |q (José Maria), |d 1886-1967 |9 29685 | |
| 245 | |a Historia y leyendas del Palacio Condal / |c por José Ma. Vilardaga, diputado provincial | ||
| 300 | |b Il·lustracions | ||
| 490 | |a San Jorge, |v núm. 21 (gener 1956), pàg 80-85 | ||
| 600 | 0 | 0 | |9 55951 |a Ramon Berenguer |b I, |c comte de Barcelona, |d aproximadament 1023-1076 |
| 600 | 0 | 0 | |9 55952 |a Ramon Berenguer |b I, |c comte de Barcelona, |d aproximadament 1023-1076 |x Llegendes |
| 610 | 2 | 0 | |a Palau Reial Major (Barcelona, Catalunya) |9 55950 |
| 773 | |g Núm. 21 (gener 1956), pàg 80-85 |t San Jorge. | ||
| 901 | |a Arxiu | ||
| 942 | |n 1 |2 udc |c ART | ||
| 952 | |0 0 |1 0 |4 0 |6 REV511 |7 1 |9 65580 |a Arxiu |b Arxiu |d 2023-03-13 |l 0 |o Rev-511 |r 2023-03-13 00:00:00 |w 2023-03-13 |y ARXIU |z També disponible a Rev-525 | ||
| 999 | |c 50054 |d 50054 | ||